00918 2200289 4500001002100000005001500021035002500036008004100061020002200102040001700124082001500141084001700156100002900173245012800202260003000330300004900360650005400409700001000463850001200473007000300485090002100488090002200509504003100531999002200562990002200584990002200606INLIS00000000001826220200518021309 a0010-031600000000272160308s2015 yoia g ind d a978-979-29-5148-6 aYOPDYOGbind04223a530.71 a530.71 SIH l3 aSihotang, Meyer Einstein00aLogic magic fisika :b1 menit pecahlkan soal fisika IPA SMA kelas 12 /cpenulis, Meyer Einstein Sihotang; penyunting, Ignas3 aYogyakarta :bAndi,c2015 ax, 244 halaman :bilustrasi, gambar ;c25 cm 4aFisika--vStudi dan pengajaran--xMetode simulasi0 aIgnas aYOPDYOGta aDEP 530.71 SIH l aCB-D.11 2015-1370 aBibliografi: halaman [245] aCB-D.11/2015-1370 aCB-D.11/2015-1370 aCB-D.11/2015-1370